000 00188 a2200097 4500
020 _a9780822562573
041 _aspa
100 _aCaroline Arnold
245 _aEl Sistema Oseo
942 _cBK
999 _c14920
_d14920